000 00323nam a22001457a 4500
008 230317b ||||| |||| 00| 0 eng d
020 _a9780195215724
041 _aeng
080 _2SIX VOLUME
_a7
082 _a7CIM
100 _a19
101 _aART
245 _aENCYCLOPEDIA OF ARTISTS
_cGIORGIONE
942 _2udc
_cBK
999 _c59375
_d59375